000 00565nam a2200205Ia 4500
003 OSt
005 20230517160443.0
008 210423s2013 xx 000 0 und d
020 _a9788173718298
040 _cAL
041 _aeng
082 _a616.079028 GANS
_223
100 _aGANGAL (Sudha); SONTAKKE (Shubhangi).
_9107196
245 _aTextbook of basic and clinical immunology.
260 _aNew Delhi
_bUniversities Press
_c2013
300 _axxxix,531
_bPB
365 _cINR
906 _abasic ; clinical ; immunology. ; Textbook
942 _2ddc
_cBK
999 _c164944
_d164944